BIBLIOTECA “JULIO CORTÁZAR”
ESCUELA AGROTÉCNICA “LIBERTADOR GENERAL SAN MARTÍN” - UNR – CASILDA

Logo Escuela Logo UNR

Empresa familiar agropecuaria / (Record no. 1261)

MARC details
000 -LEADER
campo de control de longitud fija 01098nam#a22003495a#4500
001 - NÚMERO DE CONTROL
campo de control 1261
008 - DATOS DE LONGITUD FIJA--INFORMACIÓN GENERAL
campo de control de longitud fija 100608s2003####ag#####f######001#0#spa#d
020 ## - NÚMERO INTERNACIONAL ESTÁNDAR DEL LIBRO
Número Internacional Estándar del Libro 9502312856
080 ## - NÚMERO DE LA CLASIFICACIÓN DECIMAL UNIVERSAL
Número de la Clasificación Decimal Universal 338.1
084 ## - OTRO NÚMERO DE CLASIFICACIÓN
Número de clasificación D86
040 ## - FUENTE DE CATALOGACIÓN
Centro catalogador/agencia de origen AR-ClEAG
Centro/agencia transcriptor AR-ClEAG
005 - FECHA Y HORA DE LA ÚLTIMA TRANSACCIÓN
campo de control 20241107184703.0
003 - IDENTIFICADOR DE NÚMERO DE CONTROL
campo de control AR-ClEAG
100 1# - ENTRADA PRINCIPAL--NOMBRE DE PERSONA
Nombre de persona Ducós, María Marta.
245 10 - MENCIÓN DEL TÍTULO
Título Empresa familiar agropecuaria /
Mención de responsabilidad, etc. María Marta Ducós y Elisa Ulloa de Porrúa ; con prólogo de Fernando O. Ulloa.
250 ## - MENCION DE EDICION
Mención de edición 1ª ed.
260 ## - PUBLICACIÓN, DISTRIBUCIÓN, ETC.
Lugar de publicación, distribución, etc. Buenos Aires :
Nombre del editor, distribuidor, etc. Universidad Nacional de Buenos Aires,
Fecha de publicación, distribución, etc. 2003.
300 ## - DESCRIPCIÓN FÍSICA
Extensión 271 p. ;
Dimensiones 23 cm.
653 ## - TÉRMINO DE INDIZACIÓN--NO CONTROLADO
Término no controlado Empresas familiares agropecuarias
653 ## - TÉRMINO DE INDIZACIÓN--NO CONTROLADO
Término no controlado Sociedades de hecho
653 ## - TÉRMINO DE INDIZACIÓN--NO CONTROLADO
Término no controlado Sociedades de responsabilidad limitada
653 ## - TÉRMINO DE INDIZACIÓN--NO CONTROLADO
Término no controlado Sociedades anónimas
653 ## - TÉRMINO DE INDIZACIÓN--NO CONTROLADO
Término no controlado Proyectos familiares
653 ## - TÉRMINO DE INDIZACIÓN--NO CONTROLADO
Término no controlado Proyectos empresariales
653 ## - TÉRMINO DE INDIZACIÓN--NO CONTROLADO
Término no controlado Inversiones familiares
653 ## - TÉRMINO DE INDIZACIÓN--NO CONTROLADO
Término no controlado Recursos humanos
653 ## - TÉRMINO DE INDIZACIÓN--NO CONTROLADO
Término no controlado Sistemas de retribución
653 ## - TÉRMINO DE INDIZACIÓN--NO CONTROLADO
Término no controlado Dinámica institucional
700 1# - ENTRADA AGREGADA--NOMBRE PERSONAL
Nombre de persona Ulloa de Porrúa, Elisa.
700 1# - ENTRADA AGREGADA--NOMBRE PERSONAL
Nombre de persona Ulloa, Fernando O.,
Término indicativo de función/relación prologuista.
942 ## - ELEMENTOS DE ENTRADA SECUNDARIOS (KOHA)
Tipo de ítem Koha Libros
980 ## - EQUIVALENCIA O REFERENCIA-CRUZADA-MENCIÓN DE SERIE--NOMBRE DE PERSONA/TÍTULO [LOCAL, CANADÁ]
Enlace 2
Nombre de persona Evangelina Gallicchio
Enlace entre campo y número de secuencia 2
Información miscelánea Evangelina Gallicchio
Holdings
Estatus retirado Estado de pérdida Fuente del sistema de clasificación o colocación Estado de daño No para préstamo Biblioteca de origen Biblioteca actual Fecha de adquisición Número de inventario Total de préstamos Signatura topográfica completa Código de barras Visto por última vez Precio de reemplazo Tipo de ítem Koha
    Clasificación decimal universal     Julio Cortázar Julio Cortázar 07/11/2024 951   R 338.1 D86 Ej.1 951 07/11/2024 07/11/2024 Libros

Contacto

Biblioteca Julio Cortázar. Escuela Agrotécnica "Libertador San Martín". Universidad Nacional de Rosario
Dirección: Ov. Lagos 1000 - 2170 Casilda - Santa Fe - Argentina
Tel: (54) (03464) 422226.
Fax: (54) (03464) 427789.
E-Mail: biblio-eac@unr.edu.ar